Kitab kesopanan tinggi, (Record no. 87686)

MARC details
000 -LEADER
fixed length control field 00691cam a22002411 4500
001 - CONTROL NUMBER
control field sa 68017370
003 - CONTROL NUMBER IDENTIFIER
control field DLC
005 - DATE AND TIME OF LATEST TRANSACTION
control field 20260227112702.0
008 - FIXED-LENGTH DATA ELEMENTS--GENERAL INFORMATION
fixed length control field 720721s1965 xx 000 0 ind
010 ## - LIBRARY OF CONGRESS CONTROL NUMBER
LC control number sa 68017370
035 ## - SYSTEM CONTROL NUMBER
System control number (OCoLC)362007
040 ## - CATALOGING SOURCE
Original cataloging agency DLC
Transcribing agency OAU
Modifying agency OCoLC
-- DLC
042 ## - AUTHENTICATION CODE
Authentication code premarc
050 00 - LIBRARY OF CONGRESS CALL NUMBER
Classification number BP188.2
Item number .H34 1965
100 1# - MAIN ENTRY--PERSONAL NAME
Personal name Hassan, A.
245 10 - TITLE STATEMENT
Title Kitab kesopanan tinggi,
Statement of responsibility, etc. oleh A. Hassan.
250 ## - EDITION STATEMENT
Edition statement [Tjet. 6.]
260 ## - PUBLICATION, DISTRIBUTION, ETC.
Place of publication, distribution, etc. Bangil,
Name of publisher, distributor, etc. Persatuan Islam, Bahagian Pustaka
Date of publication, distribution, etc. [1965?]
300 ## - PHYSICAL DESCRIPTION
Extent 75 p.
Dimensions 21 cm.
500 ## - GENERAL NOTE
General note Cover title: Kesopanan tinggi, setjara Islam.
650 #0 - SUBJECT ADDED ENTRY--TOPICAL TERM
Topical term or geographic name entry element Religious life
General subdivision Islam
740 0# - ADDED ENTRY--UNCONTROLLED RELATED/ANALYTICAL TITLE
Uncontrolled related/analytical title Kesopanan tinggi, setjara Islam.

No items available.

Powered by Koha